[Event "British KO-ch 2018"]
[Site "London"]
[Date "2018.12.15"]
[Round "3.1"]
[White "Adams, Michael"]
[Black "Howell, David W L"]
[Result "1/2-1/2"]
[WhiteElo "2703"]
[BlackElo "2696"]
[Annotator "TA"]
[PlyCount "81"]
[EventDate "2018.12.08"]
[EventType "k.o."]
[EventCountry "ENG"]
[SourceTitle "playchess.com"]
[Source "ChessBase"]
[SourceQuality "1"]

{[%evp 11,81,29,29,12,4,-2,-8,-12,-8,-6,0,0,0,0,0,2,0,0,26,29,39,51,49,49,57,35,41,33,52,0,0,0,0,0,0,0,8,10,8,12,18,10,102,21,29,23,8,8,20,25,132,122,136,118,126,70,78,62,70,61,66,37,152,149,161,155,148,141,136,93,120,132]} 1. e4 c6 2. Nf3 d5 3. Nc3 dxe4 4. Nxe4 Nf6 5. Qe2 Nxe4 6. Qxe4 Qa5 {LiveBook: 8 Games. B11: Caro-Kann: Two Knights Variation} 7. Bd3 $146 ({Predecessor:} 7. Qf4 Qf5 8. Qe3 Qxc2 9. Bd3 Qa4 10. O-O f6 11. b3 Qa5 12. Bb2 Na6 13. Rfe1 Nc7 14. b4 Qh5 15. b5 Nxb5 16. Nd4 Nxd4 17. Bxd4 {½-½ (17) Giri,A (2762)-Riazantsev,A (2651) Palma de Mallorca 2017}) 7... Na6 8. Qe5 (8. O-O {keeps more tension.} Nb4 9. h3 Nxd3 10. Qxd3 e6 11. Re1) 8... Qxe5+ {The position is equal.} 9. Nxe5 Nb4 10. Be4 f6 11. c3 Nd5 12. Nf3 a5 13. d4 a4 14. Bd2 Be6 15. O-O Kd7 16. c4 Nc7 17. Rac1 {aiming for d5.} Bf7 18. Bf4 e6 19. Rfd1 Be7 20. d5 (20. h4 $14) 20... exd5 $11 21. Bf5+ Kd8 22. Nd4 g6 23. Bg4 f5 24. Bf3 {With the idea Bxc7+.} Rc8 25. g4 $36 {[%mdl 2048] White has the initiative.} fxg4 (25... Bf6 {with more complications.} 26. gxf5 Bxd4 27. Rxd4 gxf5 28. Bxc7+ Kxc7 29. cxd5 Rcd8) 26. Bxg4 {[#] Threatens to win with cxd5.} Bf6 (26... Ra8 $11) 27. Bxc8 ({White should play} 27. Rc3 $16) 27... Kxc8 28. Nb5 Nxb5 29. cxb5 Kd7 30. Rc4 Ra8 (30... g5 $11 {remains equal.} 31. Bg3 Bh5) 31. bxc6+ $16 bxc6 32. Rb4 Kc8 33. Rb6 (33. Bg3 $16 g5 34. Re1) 33... Be8 $14 {White should prevent ...Bd8.} 34. Re1 Bd7 35. Rc1 Bd8 36. Rb5 {And now Rxd5 would win.} Bf6 (36... Bc7 $1 $14 37. Rb4 Rb8 38. Rxb8+ (38. Rxa4 Rxb2 39. Be3 Be5 $11) 38... Kxb8) 37. Rxd5 $1 $16 Bxb2 38. Rc2 a3 39. Be5 Ra4 40. Rdc5 Rb4 {intending ...Kb7.} 41. Rd2 {Accuracy: White = 62%, Black = 47%.} 1/2-1/2

[Event "British KO-ch 2018"]
[Site "London"]
[Date "2018.12.15"]
[Round "3.1"]
[White "McShane, Luke"]
[Black "Jones, Gawain C B"]
[Result "1/2-1/2"]
[WhiteElo "2664"]
[BlackElo "2682"]
[Annotator "TA"]
[PlyCount "79"]
[EventDate "2018.12.08"]
[EventType "k.o."]
[EventCountry "ENG"]
[SourceTitle "playchess.com"]
[Source "ChessBase"]
[SourceQuality "1"]

{[%evp 26,79,0,0,0,0,0,0,0,-10,0,0,0,0,0,0,0,0,0,0,0,0,33,6,0,0,17,0,0,0,0,0,0,0,0,0,0,0,0,0,0,0,0,0,0,0,0,0,0,0,0,0,0,0,0,0]} 1. e4 e5 2. Nf3 Nc6 3. Bc4 Bc5 4. d3 Nf6 5. O-O d6 6. c3 a6 7. Bb3 h6 8. Nbd2 O-O 9. Re1 Re8 {C54: Giuoco Piano: 4 c3 Nf6, main lines with 5 d4 and 5 d3} 10. Nf1 Ba7 11. Ng3 Be6 12. Bxe6 Rxe6 13. d4 d5 14. Nxe5 {LiveBook: 6 Games} Nxe5 15. dxe5 Nxe4 16. Nxe4 dxe4 17. Bf4 Qxd1 18. Raxd1 {[#]} g5 $146 19. Bg3 Rf8 20. h3 (20. Rxe4 $2 f5 $17) 20... h5 21. Rxe4 f5 22. Re2 f4 23. Bh2 Bb6 24. Kf1 h4 {The position is equal.} 25. Bg1 Rfe8 26. f3 Bxg1 27. Kxg1 $11 {[%mdl 4096] Endgame KRR-KRR} Kf7 28. Rd5 Kg6 29. Kf2 Kf5 30. Rd7 R8e7 31. Rxe7 Rxe7 32. Ke1 Rxe5 (32... c5 {feels hotter.} 33. b3 b5 34. Kd2 Rd7+ 35. Kc2 Re7) 33. Rxe5+ Kxe5 {KP-KP} 34. Kd2 c5 35. Kd3 Kd5 36. c4+ Ke5 37. Kc3 b6 38. Kd3 Kf5 39. Kc3 Ke5 40. Kd3 {Accuracy: White = 82%, Black = 81%.} 1/2-1/2

[Event "British KO-ch 2018"]
[Site "London"]
[Date "2018.12.16"]
[Round "3.2"]
[White "Howell, David W L"]
[Black "Adams, Michael"]
[Result "1/2-1/2"]
[WhiteElo "2696"]
[BlackElo "2703"]
[Annotator "TA"]
[PlyCount "92"]
[EventDate "2018.12.08"]
[EventType "k.o."]
[EventCountry "ENG"]
[SourceTitle "playchess.com"]
[Source "ChessBase"]
[SourceQuality "1"]

{[%evp 22,92,20,0,21,14,16,4,16,12,0,0,-4,-25,-23,-21,-20,-14,-22,-21,-19,-28,-20,-23,-22,-23,-16,-16,-16,-38,-32,-20,-22,-25,-25,-71,-66,-64,-59,-64,-60,-57,-65,-50,-47,-91,-91,-91,-91,-91,-91,-91,-91,-91,-77,-84,0,0,0,0,0,0,0,0,0,0,0,0,0,0,0,0,0]} 1. e4 e5 2. Nf3 Nc6 3. Bb5 {[%cal Bf1b5,Bb5a4,Ba4b3][%mdl 32]} a6 4. Ba4 Nf6 5. O-O Be7 6. Re1 b5 7. Bb3 O-O 8. a4 b4 9. d3 d6 {[%cal Bd7d6,Bd6d5][%mdl 32]} 10. a5 Be6 11. Bxe6 {C88: Closed Ruy Lopez: Anti-Marshall Systems} fxe6 12. Nbd2 {LiveBook: 15 Games} d5 13. c3 {[#]} Bc5 $146 ({Predecessor:} 13... Bd6 14. d4 bxc3 15. bxc3 exd4 16. cxd4 dxe4 17. Nxe4 Bb4 18. Bd2 Nxe4 19. Rxe4 {1-0 (28) Topalov,V (2761)-Svidler,P (2751) Saint Louis 2016}) 14. Nb3 Ba7 15. Be3 (15. Qc2 {seems wilder.} Qd6 16. Bg5 h6 17. Bxf6 Rxf6 18. c4) 15... bxc3 16. bxc3 dxe4 {[#] White must now prevent ...Bxe3.} 17. dxe4 Qxd1 18. Raxd1 Rab8 {aiming for ...Bxe3.} 19. Nc5 Bxc5 $1 20. Bxc5 Rfd8 21. Rxd8+ Rxd8 22. Kf1 h6 23. Bb4 Kf7 24. h4 Ke8 25. Ke2 Nxe4 26. Kf1 $1 Nd2+ 27. Nxd2 Rxd2 $11 {[%mdl 4096] Endgame KRB-KRN} 28. Re4 h5 29. Re3 Rd5 30. Rg3 Kf7 31. Rf3+ $1 Kg6 32. Rg3+ Kh7 33. Rf3 Nxb4 34. cxb4 $17 {[#] KR-KR} c5 $1 35. bxc5 Rxc5 36. Ra3 Kg6 37. Rg3+ Kh6 38. Ra3 Rc4 (38... g6 $17) 39. Rb3 $11 {The position is equal.} Rc5 40. Rb6 Rxa5 41. Rxe6+ Kh7 42. Ke2 Kg8 43. Re7 Kh7 44. Re6 Kg8 45. Re7 Kf8 46. Rc7 Ra4 {Accuracy: White = 71%, Black = 79%.} 1/2-1/2

[Event "British KO-ch 2018"]
[Site "London"]
[Date "2018.12.16"]
[Round "3.2"]
[White "Jones, Gawain C B"]
[Black "McShane, Luke"]
[Result "1-0"]
[WhiteElo "2682"]
[BlackElo "2664"]
[Annotator "TA"]
[PlyCount "57"]
[EventDate "2018.12.08"]
[EventType "k.o."]
[EventCountry "ENG"]
[SourceTitle "playchess.com"]
[Source "ChessBase"]
[SourceQuality "1"]

{[%evp 20,57,12,6,7,9,5,12,11,20,14,19,17,16,9,0,0,5,17,14,10,0,23,6,77,72,110,96,123,71,167,174,186,207,449,432,440,444,416,423]} 1. e4 e6 2. d4 d5 3. Nd2 c5 4. Ngf3 cxd4 5. exd5 Qxd5 6. Bc4 Qd7 {C07: French Tarrasch: 3...c5, 4 Ngf3 and 4 exd5 Qxd5} (6... Qd6 7. O-O Nf6 8. Nb3 Nc6 9. Nbxd4 Nxd4 10. Nxd4 a6 11. Re1 Qc7 12. Bf1 Be7 13. Qf3 O-O 14. Bf4 Bd6 15. Bxd6 Qxd6 16. Rad1 Qc7 17. c4 Rb8 18. Qg3 Qxg3 19. hxg3 Bd7 {½-½ (61) Karjakin,S (2773)-Duda,J (2737) chess.com INT 2018}) 7. O-O Nc6 8. Nb3 a6 9. a4 Nf6 10. Qe2 Bd6 11. Rd1 {LiveBook: 32 Games} e5 12. Nbxd4 O-O 13. Nxc6 $1 Qxc6 14. Bg5 {[#]} Bc7 $146 {next ...e4 is good for Black.} 15. Bxf6 Qxf6 16. Bd5 Rb8 17. h3 Qe7 18. Re1 Re8 19. Qc4 b5 20. axb5 Rxb5 21. Rad1 Rc5 (21... Rxb2 $11 22. Nd4 Bb6) 22. Qd3 $16 ({Don't go for} 22. Bxf7+ $2 Kf8 $17) 22... g6 23. c4 a5 24. Qa3 (24. Qd2 $142) 24... Bd6 {[#]} (24... Kg7 $16 {was called for.}) 25. Bxf7+ $1 $18 {[%mdl 576] Deflection} Qxf7 26. Rxd6 Qxc4 $2 (26... Qc7 27. Qa4 Re7) 27. Nd2 Qb4 28. Qxb4 axb4 29. Ne4 {Accuracy: White = 85%, Black = 50%.} 1-0

[Event "British KO-ch 2018"]
[Site "London"]
[Date "2018.12.17"]
[Round "3.3"]
[White "Howell, David W L"]
[Black "Adams, Michael"]
[Result "1/2-1/2"]
[WhiteElo "2696"]
[BlackElo "2703"]
[Annotator "TA"]
[PlyCount "90"]
[EventDate "2018.12.08"]
[EventType "k.o."]
[EventCountry "ENG"]
[SourceTitle "playchess.com"]
[Source "ChessBase"]
[SourceQuality "1"]

{[%evp 13,90,10,10,10,10,0,-5,-33,-13,-25,-22,-44,-16,-6,0,-20,-21,-11,0,0,-21,-12,-12,-20,-19,-57,-11,-22,0,0,0,-54,-8,-60,-41,-46,-45,-62,-39,-33,-30,-30,-30,-57,-50,-49,-42,-55,-22,-10,-6,-49,-41,-94,-77,-103,-62,-54,-59,-83,-51,-104,-71,-71,-71,-71,-71,-168,-146,-218,-71,-116,-55,-93,-40,-109,32,0,0]} 1. Nf3 d5 2. g3 Bg4 3. Bg2 c6 4. O-O e6 5. h3 Bh5 6. d3 {A07: Réti Opening: New York and Capablanca Systems} Bd6 7. c4 Ne7 {LiveBook: 4 Games} 8. Nc3 O-O 9. cxd5 $146 ({Predecessor:} 9. Qb3 Nd7 10. d4 Qb6 11. Rd1 Qxb3 12. axb3 Bxf3 13. Bxf3 {1-0 (66) Kramnik,V (2808)-Jobava,B (2707) Leuven 2017}) 9... cxd5 10. a3 Nd7 11. Bd2 Rc8 12. Rc1 Qb6 13. b4 Nc6 14. g4 Bg6 15. Nh4 Qd8 16. Nxg6 hxg6 17. e3 Nde5 18. Qe2 g5 {[%cal Bg6g5,Bg5h4][%mdl 32]} 19. h4 {Threatening hxg5.} gxh4 (19... f5 $5 {[%cal Rf5g4]} 20. f4 gxf4 21. exf4 Nxg4 22. Qxe6+ Kh7 23. Qxd5 (23. h5 $2 Qh4 $19) 23... Qf6 $15) 20. f4 Ng6 21. d4 $1 Bb8 22. Na4 (22. Qf3 $11) 22... b6 23. Nb2 (23. Rf2 $11) 23... Qd6 24. b5 Nce7 $1 {[%cal Bc6e7,Be7c8,Bc8d6][%mdl 32]} ({Don't play} 24... Qxa3 $6 25. bxc6 Qxb2 26. Qd3 $11) 25. Nd3 Rxc1 26. Rxc1 Rc8 27. Rxc8+ Nxc8 28. Nb4 Qd7 29. a4 Bd6 30. Be1 Bxb4 31. Bxb4 Nd6 32. Qc2 {Black should prevent Qc6.} Nc4 33. Kf2 ({White should try} 33. Qe2 $15) 33... Qc7 34. Qc1 Nf8 35. g5 Ng6 36. Bf1 Qc8 37. Bh3 (37. Qc2 $15) 37... a6 38. bxa6 Qxa6 39. Qc2 Qc8 40. Bg4 (40. Bf1 $17) 40... Qe8 41. Be2 (41. Bh3 $17 {was called for.}) 41... Qc6 (41... h3 $19 {has better winning chances. aiming for ...h2.} 42. Bd2 Nxd2 43. Qxd2 Qxa4) 42. Bf1 Nf8 (42... Qc7 $17 {And now ...Nxf4! would win.} 43. Kg1 Qb8 44. Bxc4 dxc4 45. Qxc4 Qa8) 43. Bd3 g6 (43... Qc8 $17) 44. Kf3 {[#]} (44. Be2 $15) 44... Nd7 (44... e5 $1 $17 {[%mdl 512] Threatens to win with ...e4+.} 45. dxe5 Ne6) 45. Be1 {[%mdl 1024] White has compensation.} (45. Bxg6 $5 Kg7 46. Bd3 $14) 45... b5 {Accuracy: White = 41%, Black = 38%.} 1/2-1/2

[Event "British KO-ch 2018"]
[Site "London"]
[Date "2018.12.17"]
[Round "3.3"]
[White "Jones, Gawain C B"]
[Black "McShane, Luke"]
[Result "1-0"]
[WhiteElo "2682"]
[BlackElo "2664"]
[Annotator "TA"]
[PlyCount "81"]
[EventDate "2018.12.08"]
[EventType "k.o."]
[EventCountry "ENG"]
[SourceTitle "playchess.com"]
[Source "ChessBase"]
[SourceQuality "1"]

{[%evp 15,81,18,35,29,35,29,51,47,73,42,87,57,68,67,74,61,94,52,58,55,56,60,90,87,234,235,229,239,234,222,223,187,204,173,216,124,246,266,272,270,222,70,63,-99,116,115,91,115,221,139,405,407,492,452,595,605,600,600,595,603,717,660,29984,29985,29982,29967,29986,29987]} 1. e4 e5 2. Nf3 Nc6 3. Bc4 Nf6 4. d3 Be7 5. O-O d6 6. a4 O-O 7. Re1 Be6 8. Na3 {C55: Two Knights: 4 d3, 4 d4 exd4 5 e5 and Max Lange Attack} (8. Nc3 Qd7 9. a5 a6 10. Nd5 Bxd5 11. Bxd5 Nxd5 12. exd5 Nd4 13. Nxd4 exd4 14. h3 Bf6 15. Qf3 Qb5 {0-1 (58) Harikrishna,P (2744)-Wang,H (2709) Huaian 2017}) 8... Qd7 {LiveBook: 3 Games} 9. c3 Rae8 $146 ({Predecessor:} 9... Rfe8 10. Bxe6 Qxe6 11. d4 exd4 12. cxd4 d5 13. Nb5 Bd8 14. Ng5 Qd7 15. e5 Ne4 16. Nxe4 dxe4 {1-0 (75) Sawlin,L (2359)-Kollars,D (2534) Karlsruhe 2018}) 10. Bxe6 {White is slightly better.} fxe6 11. Nc4 Kh8 12. h3 Bd8 13. Be3 a6 14. b4 Ne7 15. Rb1 b5 16. axb5 axb5 17. Ncd2 Ng6 18. Ra1 Nh5 19. g3 Ngf4 (19... Be7 $16) 20. gxf4 $18 exf4 21. Ba7 e5 22. Kh2 Re6 23. Rg1 {Hoping for Nxe5!} Rh6 24. Qf1 Nf6 25. Qg2 (25. d4 $1 $18) 25... Rg8 {[#]} (25... g5 $16) 26. d4 $1 {[%cal Rd4e5]} Rh5 27. dxe5 dxe5 28. Rad1 $2 (28. Bc5 $18) 28... Qe8 $1 $14 29. Kh1 $2 {[#]} (29. Nxe5 $14 {keeps the upper hand.} Rxe5 30. Bd4) 29... Qe6 $2 (29... g5 $1 $17 {and life is bright. And now ...g4 would win.} 30. Nh2 g4) 30. Nh2 Be7 31. Ndf3 Nxe4 (31... Bd6 $16 {might work better.}) 32. Rde1 Nf6 $2 {[%mdl 8192]} (32... Qd5 $16 33. Ng5 Bxg5) 33. Ng5 $18 Qc4 34. Nhf3 Bd6 35. Nxe5 Bxe5 36. Rxe5 h6 37. Nf3 Qxc3 38. Bd4 Qd3 39. Rxh5 {[%mdl 64] Overworked Piece. White mates.} Nxh5 40. Qg4 c5 41. bxc5 {Accuracy: White = 55%, Black = 24%.} 1-0

[Event "British KO-ch 2018"]
[Site "London"]
[Date "2018.12.17"]
[Round "3.4"]
[White "Adams, Michael"]
[Black "Howell, David W L"]
[Result "1/2-1/2"]
[WhiteElo "2703"]
[BlackElo "2696"]
[Annotator "TA"]
[PlyCount "59"]
[EventDate "2018.12.08"]
[EventType "k.o."]
[EventCountry "ENG"]
[SourceTitle "playchess.com"]
[Source "ChessBase"]
[SourceQuality "1"]

{[%evp 19,59,6,11,6,20,14,16,21,23,22,29,29,38,31,37,35,33,37,37,25,27,23,30,23,25,30,29,17,25,23,28,12,21,15,15,22,23,0,17,0,22,0]} 1. e4 c6 2. d4 d5 3. exd5 cxd5 4. Nf3 Nc6 5. Bb5 Nf6 6. Ne5 {B13: Caro-Kann: Exchange Variation and Panov-Botvinnik Attack} Bd7 7. Nxd7 Qxd7 8. c3 e6 9. O-O Bd6 10. Nd2 O-O {LiveBook: 9 Games} 11. Bd3 Qc7 12. g3 e5 $146 ({Predecessor:} 12... Rab8) 13. dxe5 Nxe5 14. Nf3 Nxf3+ 15. Qxf3 Rfe8 16. Be3 Bc5 17. Qf4 Qb6 {[%cal Re8e3]} 18. Bxc5 Qxc5 19. Rad1 Qb6 20. Rd2 Re7 21. Qb4 Qxb4 22. cxb4 Rc8 23. f3 Kf8 24. Kf2 h5 25. Bc2 Rc6 26. Bb3 Rb6 27. Rd4 Rbe6 28. Rd2 Rb6 29. Rd4 Rbe6 30. Rd2 {Accuracy: White = 51%, Black = 88%.} 1/2-1/2

[Event "British KO-ch 2018"]
[Site "London"]
[Date "2018.12.17"]
[Round "3.4"]
[White "McShane, Luke"]
[Black "Jones, Gawain C B"]
[Result "0-1"]
[WhiteElo "2664"]
[BlackElo "2682"]
[Annotator "TA"]
[PlyCount "96"]
[EventDate "2018.12.08"]
[EventType "k.o."]
[EventCountry "ENG"]
[SourceTitle "playchess.com"]
[Source "ChessBase"]
[SourceQuality "1"]

{[%evp 11,96,-2,4,-45,-48,-73,-25,-56,-60,-81,-84,-75,-75,-78,-72,-92,-93,-107,-55,-81,-52,-85,-89,-87,-97,-85,-12,-9,-10,-16,0,0,26,12,33,0,0,0,0,-29,43,-18,0,-69,-20,-25,0,0,-9,-81,-58,-96,-94,-76,-72,-207,-204,-205,-220,-310,-300,-308,-306,-270,-293,-322,-318,-271,-106,-104,-95,-96,-72,-300,0,0,0,0,0,0,0,0,0,-216,-214,-322,-145]} 1. b3 e5 2. Bb2 Nc6 3. e3 g6 4. c4 Bg7 5. Nc3 (5. Nf3 d6 6. d4 exd4 7. Nxd4 Nxd4 8. Bxd4 Nf6 9. Be2 O-O 10. O-O Re8 11. Bf3 c6 {1-0 (55) Fedoseev,V (2707)-Vitiugov,N (2730) Satka 2018}) 5... Nf6 6. Nf3 {A01: Nimzowitsch-Larsen Opening} O-O {LiveBook: 3 Games} 7. a3 e4 $146 ({Predecessor:} 7... d5 8. cxd5 Nxd5 9. Nxd5 Qxd5 10. Bc4 Qd6 11. O-O Be6 12. Bxe6 Qxe6 {0-1 (34) Moskalenko,A (2490)-Seliverstov,V (2455) Moscow 2016}) 8. Ng1 $1 {Black is slightly better.} d5 9. cxd5 Nxd5 10. Qc2 Nxc3 11. Bxc3 Ne5 12. Rc1 Bf5 13. h3 Re8 14. g4 Nd3+ (14... Bd7 $17 15. Bxe5 Bxe5) 15. Bxd3 $1 $15 exd3 16. Qb2 Bxc3 17. Qxc3 Be4 18. f3 Bc6 (18... Qh4+ $1 $17 19. Kf1 Bc6) 19. h4 $1 $11 Qd6 20. Kf2 Qxa3 21. Nh3 Qe7 22. Nf4 Qe5 23. Nxd3 Qd5 24. Ne1 $1 Rad8 25. d4 h5 (25... f5 $11) 26. g5 (26. gxh5 $14 Qxh5 27. e4) 26... Re6 27. Rh3 ({White should try} 27. Rd1 $11) 27... Qf5 28. Rg3 $1 Rde8 $36 {[%mdl 2048] White is under pressure.} 29. Ng2 $1 Bd5 30. Qxc7 (30. Qc2 $1 $11 Qxc2+ 31. Rxc2) 30... Bc6 31. Re1 Qc2+ 32. Re2 Qxb3 33. Qa5 (33. Rh3 $17) 33... Bb5 $19 34. Qa2 Qc3 $1 ({Weaker is} 34... Qd1 35. Re1 $11) 35. Qb2 (35. Qc2 $142 Qxd4 {[%mdl 64] Pin} 36. Rd2) 35... Qc4 $1 36. Re1 Ra6 $1 {[%cal Ra6a2]} 37. Kg1 Ra2 38. Qb1 a5 39. Nf4 a4 $2 (39... Qc3 $19 {and Black stays clearly on top.} 40. Ng2 Rb2) 40. Rg2 $17 Rxg2+ 41. Kxg2 Rc8 42. Qa1 $2 {[#]} (42. Nxg6 $17 fxg6 43. Qxg6+ {[%mdl 64] Double Attack} Kf8 44. Qf5+ Ke8 45. Qe4+ Kd7 46. Qxb7+ Rc7 47. Qa8) 42... Qc2+ $2 (42... Qb4 $1 $19 {[%cal Rb4d2]} 43. Kg3 Rc2) 43. Kg3 $11 Qd2 {Strongly threatening ...Rc2.} 44. Rd1 $1 {[%cal Rd1d2]} Qxe3 45. Nd5 $1 {[%cal Rd5e3]} Qe6 46. Nf6+ Kf8 $1 {...Qd6+ is the strong threat.} 47. Qa3+ $2 (47. Nh7+ $11 Kg8 48. Nf6+ Kh8 49. d5) 47... Kg7 $19 48. Qb4 {[#]} (48. Ne4 $142) 48... Bd7 {Accuracy: White = 39%, Black = 48%.} (48... Be2 $1 $19 {[%cal Re2d1] has better winning chances.} 49. Rh1 Qe3 50. Qxb7 Rc1 51. Rxc1 Qxc1 52. Ne8+ Kf8) 0-1

[Event "British KO-ch 2018"]
[Site "London"]
[Date "2018.12.17"]
[Round "3.5"]
[White "Howell, David W L"]
[Black "Adams, Michael"]
[Result "0-1"]
[WhiteElo "2696"]
[BlackElo "2703"]
[Annotator "TA"]
[PlyCount "108"]
[EventDate "2018.12.08"]
[EventType "k.o."]
[EventCountry "ENG"]
[SourceTitle "playchess.com"]
[Source "ChessBase"]
[SourceQuality "1"]

{[%evp 12,108,14,5,13,18,18,12,6,3,20,21,27,23,22,25,24,19,19,18,16,20,20,20,35,-17,0,-10,0,-139,-149,-148,-145,-115,-137,-149,-147,-211,-206,-278,-278,-390,-386,-523,-459,-439,-302,-293,-310,-284,-308,-281,-285,-434,-291,-307,-105,-89,-99,-340,-170,-480,-453,-416,-387,-338,-379,-306,-298,-368,-360,-993,-985,-985,-415,-867,-829,-2552,-1008,-12799,-10213,-4817,-4219,-29951,-29954,-29964,-29964,-29965,-29966,-29964,-29965,-29968,-29969,-29969,-29969,-29968,-29968,-5620,-4618]} 1. Nf3 d5 2. c4 d4 3. b4 Bg4 4. Qb3 Nf6 (4... Bxf3 5. Qxf3 e5 6. Qxb7 Nd7 7. g3 Rb8 8. Qxa7 Bxb4 9. Bg2 Ngf6 10. O-O O-O 11. d3 Re8 {1-0 (28) Howell,D (2689)-Tregubov,P (2588) Douglas 2018}) 5. g3 a5 6. b5 {A09: Réti Opening: 1 Nf3 d5 2 c4} a4 7. Qd3 {LiveBook: 3 Games} c5 8. Bg2 {The position is equal.} Nbd7 9. h3 Bh5 10. Qc2 e5 $146 ({Predecessor:} 10... h6 11. d3 Qb6 {½-½ (58) Stephan,J (2561)-Akdag,M (2560) ICCF email 2013}) 11. Nh4 Ra7 12. d3 Be7 13. g4 Bg6 $1 14. Nxg6 hxg6 15. b6 Nxb6 16. Na3 O-O 17. Rb1 Nfd7 18. Bd2 (18. Nb5 $14 Ra8 19. Bxb7) 18... Bh4 19. Nb5 Ra8 20. Nd6 {[#]} (20. O-O $11 {keeps the balance.}) 20... Bxf2+ $1 $17 {[%mdl 576] Decoy} 21. Kxf2 Qf6+ {[%mdl 64] Double Attack} 22. Kg1 Qxd6 23. g5 f5 24. gxf6 (24. Rf1 $17) 24... Nxf6 $19 ({Weaker is} 24... Qxf6 25. Rh2 $15) 25. h4 Nbd7 26. Rxb7 {[#]} (26. e4 $142) 26... e4 $1 {[%mdl 512]} 27. dxe4 Ne5 28. Rh3 Rab8 29. Rxb8 Rxb8 ({But not} 29... Qxb8 30. Bf4 $19) 30. Bf4 Nfg4 31. Bf3 {Bxg4 is the strong threat.} Qf6 32. Bg5 (32. Qc1 {was the only defense.} Rb4 33. Bxg4 Nxg4 34. Qf1) 32... Qe6 {aiming for ...Ne3.} 33. Rg3 a3 $2 (33... Nxf3+ $19 {is more deadly.} 34. exf3 Ne5) 34. Bxg4 $17 Nxg4 35. Rxa3 $2 (35. e5 $17 {is the only way for White.}) 35... Ne5 (35... Qd6 $142 {( -> ...Qh2+)} 36. Rh3 Rf8) 36. Bf4 $2 (36. Rg3 {was the crucial defense.}) 36... Qg4+ $19 37. Bg3 {[#]} d3 $1 {[%mdl 512]} 38. Rxd3 (38. exd3 Qxg3+) 38... Nxd3 39. Qxd3 {[%mdl 4096] Endgame KQR-KQB} Re8 40. a4 Rxe4 41. a5 $2 (41. Kf2) 41... Qxe2 42. Qxe2 Rxe2 {KR-KB} 43. Bf2 (43. Bb8 $142) 43... Ra2 44. Bxc5 Rxa5 45. Be7 Ra4 46. c5 Kf7 47. Bg5 Rc4 48. Kf2 Rxc5 49. Kf3 Ke6 50. Ke4 Rc4+ 51. Kf3 Kf5 52. Be7 Rc3+ 53. Kf2 Kg4 54. Bd8 Rh3 {Accuracy: White = 36%, Black = 68%.} 0-1

[Event "British KO-ch 2018"]
[Site "London"]
[Date "2018.12.17"]
[Round "3.5"]
[White "Jones, Gawain C B"]
[Black "McShane, Luke"]
[Result "0-1"]
[WhiteElo "2682"]
[BlackElo "2664"]
[Annotator "TA"]
[PlyCount "108"]
[EventDate "2018.12.08"]
[EventType "k.o."]
[EventCountry "ENG"]
[SourceTitle "playchess.com"]
[Source "ChessBase"]
[SourceQuality "1"]

{[%evp 15,108,-8,0,-44,-52,-47,-45,-48,-44,-52,-33,-54,-50,-59,-60,-67,-62,-63,-64,-73,-68,-80,-79,-80,-75,-73,-68,-75,-68,-73,-67,-68,-75,-81,-90,-79,-87,-91,-89,-89,-99,-112,-105,-105,-93,-105,-105,-112,-92,-88,-52,-65,-31,-31,-36,-64,-59,-56,-56,-52,-52,-59,-59,-70,-71,-79,-74,-75,-61,-87,-83,-123,-124,-303,-289,-246,-185,-575,-564,-29978,-29979,-2785,-1668,-29988,-29989,-29991,-29992,-29992,-29993,-29996,-29996,-29997,-29995,-29995,-29996]} 1. e4 c6 2. d4 d5 3. exd5 cxd5 4. c4 Nf6 5. Nc3 g6 6. cxd5 Bg7 7. Bb5+ Nbd7 8. Nge2 {B14: Caro-Kann: Panov-Botvinnik Attack with 5...e6 and 5...g6} (8. d6 exd6 9. Qe2+ Qe7 10. Bf4 Qxe2+ 11. Bxe2 O-O 12. Bxd6 Re8 13. O-O-O Nb6 14. Nf3 Rxe2 15. Nxe2 Bf5 16. Bf4 Rc8+ 17. Kd2 Nc4+ 18. Ke1 Nxb2 19. Ra1 {0-1 (33) Frolyanov,D (2570)-Vitiugov,N (2734) Khanty-Mansiysk 2013}) 8... O-O {LiveBook: 6 Games} 9. Bxd7 (9. Nf4 {with more complications.} Nb6 10. Qb3 Qd6 11. Bd3 a5 12. Nb5) 9... Qxd7 10. Nf4 {Black is slightly better.} b6 {[%mdl 1024] Black has compensation.} 11. O-O Bb7 {[%cal Rf6d5]} 12. Re1 $146 ({Predecessor:} 12. Be3 Nxd5 13. Nfxd5 Bxd5 14. Nxd5 Qxd5 15. Qa4 Rfd8 {0-1 (38) Dorkin,V-Ovetchkin,R Podolsk 1993}) 12... Rfe8 13. Qb3 Rad8 {[%cal Rf6d5]} 14. Be3 Nxd5 15. Nfxd5 Bxd5 16. Nxd5 Qxd5 17. Red1 e6 18. Qa4 Rd7 19. Rac1 Red8 20. h3 Bf6 21. Rd2 Kg7 22. Rc3 Qe4 23. Rcd3 h5 {[%cal Bh7h5,Bh5h4][%mdl 32]} 24. Qd1 Rd5 25. f3 Qh4 26. Bf2 Qf4 27. Be3 Qd6 28. f4 h4 29. Qf3 Rf5 30. Qb7 Rd7 31. Qe4 Qd5 32. Qxd5 Rfxd5 (32... exd5 {feels hotter.} 33. Rc2 Be7 34. Rf2 Bd6 35. Rf3 Re7) 33. Kf2 e5 34. fxe5 Bxe5 {[%mdl 64] [#] Pin} 35. Kg1 f5 36. Bf2 Bf6 37. Rc2 g5 {[%cal Rf6d4,Bg6g5,Bg5g4,Bg4g3][%mdl 32]} 38. Rc4 Kg6 39. a4 g4 40. Kf1 g3 41. Be3 Re7 42. Rc6 Re4 43. b4 f4 $36 {[%mdl 2048] White is under strong pressure.} 44. Bc1 $2 (44. Bg1 $17) 44... Kf5 $19 ({And not} 44... Rdxd4 45. Rxd4 Rxd4 46. Bb2 $11) 45. Bb2 Rd7 {[#] aiming for ...Rde7.} 46. a5 $2 (46. Rc1 {is tougher.}) 46... Rde7 {[%csl Ge7][%cal Re4e1]} 47. Rc1 Re2 48. axb6 Rxb2 49. bxa7 Rxa7 {Black mates.} 50. Rf3 Raa2 51. b5 Rxg2 52. b6 Rh2 {[%cal Rh2h1]} 53. Kg1 Rag2+ 54. Kf1 Rb2 {Accuracy: White = 45%, Black = 84%.} 0-1